আধুনিক ভাষাতত্ত্ব / (Record no. 38876)
[ view plain ]
| 000 -LEADER | |
|---|---|
| fixed length control field | 00889nam a2200229 a 4500 |
| 001 - CONTROL NUMBER | |
| control field | 38876 |
| 003 - CONTROL NUMBER IDENTIFIER | |
| rucl marc code | BD-RjUL |
| 005 - DATE AND TIME OF LATEST TRANSACTION | |
| control field | 20251222103209.0 |
| 008 - FIXED-LENGTH DATA ELEMENTS--GENERAL INFORMATION | |
| fixed length control field | 160417r20131985ben||||e |||| 00| 0 d |
| 020 ## - INTERNATIONAL STANDARD BOOK NUMBER | |
| International Standard Book Number | 9844102758 |
| 035 ## - SYSTEM CONTROL NUMBER | |
| System control number | (BD-RjUL)38876 |
| 040 ## - CATALOGING SOURCE | |
| Original cataloging agency | BD-RjUL |
| Language of cataloging | ben |
| Transcribing agency | BD-RjUL |
| 041 ## - LANGUAGE CODE | |
| Language code of text/sound track or separate title | ben |
| 082 ## - DEWEY DECIMAL CLASSIFICATION NUMBER | |
| Edition number | 23 |
| Classification number | 410 |
| Author mark and year | MOA 2022 |
| 100 ## - MAIN ENTRY--PERSONAL NAME | |
| Personal name | মোরশেদ, আবুল কালাম মনজুর |
| 9 (RLIN) | 119908 |
| 245 10 - TITLE STATEMENT | |
| Title | আধুনিক ভাষাতত্ত্ব / |
| Statement of responsibility, etc. | আবুল কালাম মনজুর মোরশেদ |
| 260 ## - PUBLICATION, DISTRIBUTION, ETC. (IMPRINT) | |
| Place of publication, distribution, etc. | ঢাকা : |
| Name of publisher, distributor, etc. | মাওলা ব্রাদার্স, |
| Date of publication, distribution, etc. | ১৯৮৫ [মুদ্রণ ২০১৩,২০২২] |
| 300 ## - PHYSICAL DESCRIPTION | |
| Pagination | [২০] , ৪৯২ পৃ. : |
| Illustrations | চিত্র ; |
| Size | ২২ সেমি. |
| 650 ## - SUBJECT ADDED ENTRY--TOPICAL TERM | |
| Topical term or geographic name as entry element | ভাষাতত্ত্ব |
| 9 (RLIN) | 122393 |
| Topical term or geographic name as entry element | Linguistics |
| 9 (RLIN) | 122394 |
| 942 ## - ADDED ENTRY ELEMENTS (KOHA) | |
| Source of classification or shelving scheme | Dewey Decimal Classification |
| Koha item type | Books |
| Lost status | Source of classification or shelving scheme | Damaged status | Not for loan | Collection code | Permanent Location | Current Location | Shelving location | Date acquired | Source of acquisition | Cost, normal purchase price | Total Checkouts | Full call number | Date last seen | Copy number | Koha item type |
|---|---|---|---|---|---|---|---|---|---|---|---|---|---|---|---|
| Dewey Decimal Classification | Not For Loan | Non-fiction | Central Library, University of Rajshahi | Central Library, University of Rajshahi | Reading Room | 03/08/2014 | Bathighar, Chittagong | 300.00 | B 410 MOA 2013 | 19/03/2016 | C-1 | Books | |||
| Dewey Decimal Classification | Non-fiction | Central Library, University of Rajshahi | Central Library, University of Rajshahi | General Stacks | 21/12/2025 | Bidyasagar, Rajshahi | 338.00 | B 410 MOA 2022 | 22/12/2025 | C-2 | Books | ||||
| Dewey Decimal Classification | Non-fiction | Central Library, University of Rajshahi | Central Library, University of Rajshahi | General Stacks | 21/12/2025 | Bidyasagar, Rajshahi | 338.00 | B 410 MOA 2022 | 22/12/2025 | C-3 | Books | ||||
| Dewey Decimal Classification | Non-fiction | Central Library, University of Rajshahi | Central Library, University of Rajshahi | General Stacks | 21/12/2025 | Bidyasagar, Rajshahi | 338.00 | B 410 MOA 2022 | 22/12/2025 | C-5 | Books |